00656nam a2200241 a 4500001001300000003000900013005001700022008004100039020001000080082001300090100002000103245002700123260002300150300000900173500003500182505001000217650002400227700002000251902000800271942000700279952011300286999001500399nice12345678IN_TiNIC20260116011843.0050524s1958 lona grp 000 0 eng  ac10000a230bADA aAdams, Caroline aArticles of Thy Belief aLondonbSpckc1958 a101p aincludes index and biblioraphy2 aIndex aCreeds-Christianity1 aAdams, Caroline bSRS cBK 001040708StackRoom-aHMIbHMId2007-06-22g100.00l0o230 ADAp06975r2007-06-22v100.00w2005-05-24yBK c4459d4459